000 00509nam a2200229Ia 4500
008 210210b1950 xxu||||| |||| 00| 0 eng d
041 _aeng
082 _a465/48
100 _aSESHADRI (T)
245 _aGuide to translation and letter writing in Hindi
260 _aMadurai
_b-
_c1950
650 _awriting
650 _atranslation
650 _ato
650 _aletter
650 _ain
650 _aHindi
650 _aGuide
650 _aand
690 _aHindi Grammar
906 _a006882
999 _c140963
_d140963